00629 a2200193 4500003000400000005001700004008004100021020001800062040000900080082001500089100002600104245007200130250001200202260003000214300000900244942003600253952012900289999001700418OSt20240209131355.0240209b |||||||| |||| 00| 0 eng d a9788131729205 coclc a300bKUN/S aKundu, Abhijit 92996 aThe Social sciences: Methodology and Perspectives /cAbhijit Kundu a1st ed. aChennaI:bPearson,c2009. a137p 2ddccBKh300iKUN/Sk300mKUN/S 00102ddc40708SOCIAL SCIENCEaMESbMEScISLd2024-02-09l0o300 KUN/Sp45279r2024-02-09 12:57:10w2024-02-09yBKzGL47R1 c44430d44430